000 01628pam a2200421 a 4500
001 1596045
003 LC
005 20160308143859.0
008 940314s1994 nyu 000 1 eng
010 _a 94011764
020 _a071009007505 (limited edition)
020 _a9780440220602
040 _aDLC
_cDLC
_dDLC
_dOCoLC
_dDLC
043 _an-us-ms
050 0 0 _aPS 3557.R5355
_b.G869 1994
082 0 0 _aFIC
_bG88c 1994
100 1 _aGrisham, John.
_918260
245 1 4 _aThe chamber /
_cJohn Grisham.
260 _aNew York :
_bDoubleday,
_c1994.
300 _avi, 486 p. ;
_c25 cm.
610 2 0 _aKu Klux Klan (1915- )
_xFiction.
_919668
650 0 _aCivil rights movements
_xFiction.
_919669
650 0 _aDeath row inmates
_xFiction.
_919670
650 0 _aKu Klux Klan (1915- ) -- -- Fiction.
_919671
650 0 _xGreenville (Miss.) -- Fiction.
_919672
650 0 _aMississippi
_x Fiction
_919673
650 0 _a Bombings
_xFiction
_919674
651 0 _aGreenville (Miss.)
_xFiction.
_919675
651 0 _aMississippi
_xFiction.
_919676
655 7 _aLegal stories.
_2gsafd
_914108
856 4 1 _3Sample text
_uhttp://www.loc.gov/catdir/samples/random041/94011764.html
856 4 2 _3Publisher description
_uhttp://www.loc.gov/catdir/description/random043/94011764.html
856 4 2 _3Contributor biographical information
_uhttp://www.loc.gov/catdir/enhancements/fy0703/94011764-b.html
906 _a7
_bcbc
_corignew
_d1
_eocip
_f19
_gy-gencatlg
942 _2lcc
_cBK
999 _c11285
_d11285